| 000 | 00439nam a2200181Ia 4500 | ||
|---|---|---|---|
| 003 | OSt | ||
| 005 | 20260326113534.0 | ||
| 008 | 250729s2005 xx 000 0 und d | ||
| 040 | _cAL | ||
| 041 | _aeng | ||
| 082 | _a372.5 AGGM | ||
| 100 |
_aJ.C.Aggarwal _9230543 |
||
| 245 | _aMethods of materials of nursery education | ||
| 260 |
_aNewdelhi _bDoba House _c2005 |
||
| 300 | _a243p | ||
| 650 |
_aEducation _9230544 |
||
| 942 |
_2ddc _cBED |
||
| 999 |
_c238834 _d238834 |
||